Estatísticas para Equipes do Campeonato Brasileiro Série C - 2019

Clique aqui para jogar o quiz

Estatísticas Gerais

  • Esse quiz foi jogado 110 vezes
  • A pontuação média é 17 de 20

Estatísticas das Respostas

Cidade/UFEstádioEquipe% Correto
Recife/PEAflitosNáutico
97%
Belém/PAMangueirãoPaysandu
97%
Tombos/MGAlmeidãoTombense
97%
Volta Redonda/RJRaulino de OliveiraVolta Redonda
97%
Natal/RNFrasqueirãoABC
95%
Imperatriz/MAFrei EpifânioImperatriz
95%
Belém/PAMangueirãoRemo
95%
Recife/PEArrudaSanta Cruz
95%
Lucas do Rio Verde/MTPasso das EmasLuverdense
92%
São Luís/MACastelãoSampaio Corrêa
92%
João Pessoa/PBAlmeidãoBotafogo/PB
89%
Campina Grande/PBAmigãoTreze
89%
Caxias do Sul/RSAlfredo JaconiJuventude
86%
Varginha/MGMelãoBoa Esporte
81%
Aracaju/SEBatistãoConfiança
81%
Porto Alegre/RSPasso D'AreiaSão José
78%
Erechim/RSColosso da LagoaYpiranga
78%
Rio Branco/ACArena da FlorestaAtlético Acreano
76%
Fortaleza/CEPresidente VargasFerroviário
70%
Ceará-Mirim/RNBarretãoGlobo
65%

Distribuição das Pontuações

Percentil de Números Respondidos

Porcentagem de Pessoas com Cada Pontuação

Sua Pontuação Histórica

Você não jogou esse quiz